Najlepsi strzelcy w historii Premier League - Statystyki

Ogólne statystyki
  • Ten quiz został rozwiązany 67 razy
  • Średni wynik to 10 z 20
Statystyki odpowiedzi
Pozycja Liczba Goli Imię % Poprawnych
3. 208 Wayne Rooney
90%
2. 213 Harry Kane
85%
5. 184 Sergio Agüero
82%
1. 260 Alan Shearer
79%
7. 175 Thierry Henry
77%
10. 157 Mohamed Salah
76%
6. 177 Frank Lampard
73%
11. 150 Michael Owen
68%
14. 144 Robin van Persie
63%
4. 187 Andrew Cole
48%
15. 136 Jamie Vardy
34%
13. 146 Teddy Sheringham
32%
20. 123 Dwight Yorke
31%
19. 123 Raheem Sterling
27%
9. 162 Jermain Defoe
24%
17. 126 Robbie Keane
24%
18. 125 Nicolas Anelka
23%
8. 163 Robbie Fowler
21%
12. 149 Les Ferdinand
16%
16. 127 Jimmy Floyd Hasselbaink
15%
Nie znaleziono quizów pasujących do podanych kryteriów
Rozkład punktacji
Procent ludzi z każdym wynikiem
Percentyl według liczby udzielonych odpowiedzi
Twoja historia wyników
Nie rozwiązałeś tego quizu